000
00336nam a22001457a 4500
008
210607b ||||| |||| 00| 0 eng d
020
_a
9781260507058
041
_a
eng
080
_2
11th
_a
330.101.541
082
_a
330.101.541
100
_a
52
101
_a
MAKRO
245
_a
Macroeconomics
_c
David C. Colander
942
_2
udc
_c
BK
999
_c
58033
_d
58033